Automatizované systémy řízení ve výrobním družstevnictví

Gespeichert in:
Bibliographische Detailangaben
1. Verfasser: Michek, Rudolf
Weitere Verfasser: Vadlejch, Michal
Format: Buch
Sprache:Tschechisch
Veröffentlicht: Praha Svépomoc 1988
Schlagworte:
Tags: Tag hinzufügen
Keine Tags, Fügen Sie das erste Tag hinzu!

MARC

LEADER 00000nam a2200000 4500
001 c002349
005 20260325065859.2
041 0 |a cze 
044 |a CZ 
245 1 0 |a Automatizované systémy řízení ve výrobním družstevnictví  |c Rudolf Michek, Michal Vadlejch 
264 1 |a Praha  |b Svépomoc  |c 1988 
300 |a 187 s. 
610 2 0 |a systémy riadenia automatizované 
610 2 0 |a družstvá výrobné 
610 2 0 |a technika výpočtová 
610 2 0 |a predpisy právne 
610 2 0 |a Česko 
610 2 0 |a RVHP 
610 2 0 |a ČSFR 
100 1 |a Michek, Rudolf 
700 1 |a Vadlejch, Michal